000
00297nam a2200109Ia 4500
008
190216s9999||||xx |||||||||||||| ||und||
100
_a
Krishan Kumar
245
0
_a
"Quiz 7000,A Comprehensive Study Of General Knowledge"
260
_b
Deepthi Publishing House
650
_a
References
942
_c
REF
999
_c
35453
_d
35453